[Event "Benidorm Satellite preliminary"]
[Site "playchess.com #007036"]
[Date "2009.10.24"]
[Round "1"]
[White "Hophip"]
[Black "Vijayvikram"]
[Result "1-0"]
[WhiteElo "2626"]
[BlackElo "1743"]
[PlyCount "91"]
[EventDate "2009.10.24"]
[EventType "swiss (blitz)"]

1. e4 {[%emt 0:00:02]} c5 {[%emt 0:00:01]} 2. c3 {[%emt 0:00:01]} d5 {[%emt 0:
00:02]} 3. exd5 {[%emt 0:00:01]} Qxd5 {[%emt 0:00:01]} 4. d4 {[%emt 0:00:00]}
Nf6 {[%emt 0:00:01]} 5. Nf3 {[%emt 0:00:01]} Bg4 {[%emt 0:00:04]} 6. Nbd2 {
[%emt 0:00:03]} cxd4 {[%emt 0:00:18]} 7. Bc4 {[%emt 0:00:03]} Qd8 {[%emt 0:00:
18]} 8. Qb3 {[%emt 0:00:03]} e6 {[%emt 0:00:18]} 9. Qxb7 {[%emt 0:00:30]} Nbd7
{[%emt 0:00:03]} 10. cxd4 {[%emt 0:00:01]} Be7 {[%emt 0:00:13]} 11. h3 {[%emt
0:00:33]} Bh5 {[%emt 0:00:13]} 12. g4 {[%emt 0:00:01]} Bg6 {[%emt 0:00:01]} 13.
g5 {[%emt 0:00:01]} Nh5 {[%emt 0:00:22]} 14. Bb5 {[%emt 0:00:02]} Kf8 {[%emt 0:
00:51]} 15. Qxd7 {[%emt 0:00:05]} Qa5 {[%emt 0:00:13]} 16. b4 {[%emt 0:00:37] .
} Qb6 {[%emt 0:00:02]} 17. Qc6 {[%emt 0:00:06]} Qd8 {[%emt 0:00:05]} 18. a3 {
[%emt 0:00:53]} Rc8 {[%emt 0:00:01]} 19. Qb7 {[%emt 0:00:10]} Rb8 {[%emt 0:00:
03]} 20. Qa6 {[%emt 0:00:03]} Rb6 {[%emt 0:00:03]} 21. Qa4 {[%emt 0:00:03]} Nf4
{[%emt 0:00:08]} 22. Bb2 {[%emt 0:00:02]} Rxb5 {[%emt 0:00:07]} 23. Qxb5 {
[%emt 0:00:01]} Nd3+ {[%emt 0:00:01]} 24. Ke2 {[%emt 0:00:04]} Nxb2 {[%emt 0:
00:00]} 25. Ne5 {[%emt 0:00:01]} Bf5 {[%emt 0:00:03]} 26. Ndf3 {[%emt 0:00:02]}
f6 {[%emt 0:00:02]} 27. gxf6 {[%emt 0:00:09]} gxf6 {[%emt 0:00:00]} 28. Rhb1 {
[%emt 0:00:01]} fxe5 {[%emt 0:00:02]} 29. Rxb2 {[%emt 0:00:01]} exd4 {[%emt 0:
00:01]} 30. Ne5 {[%emt 0:00:03]} d3+ {[%emt 0:00:02]} 31. Nxd3 {[%emt 0:00:01]}
Rg8 {[%emt 0:00:09]} 32. Rd1 {[%emt 0:00:02]} Qc7 {[%emt 0:00:02]} 33. Rbd2 {
[%emt 0:00:15]} Kf7 {[%emt 0:00:02]} 34. Ne5+ {[%emt 0:00:01]} Kg7 {[%emt 0:00:
03]} 35. Rd7 {[%emt 0:00:00]} Qc8 {[%emt 0:00:03]} 36. Rxe7+ {[%emt 0:00:01]}
Kh8 {[%emt 0:00:02]} 37. Nf7+ {[%emt 0:00:01]} Kg7 {[%emt 0:00:01]} 38. Qe5+ {
[%emt 0:00:00]} Kg6 {[%emt 0:00:01]} 39. Nd6 {[%emt 0:00:05]} Qc2+ {[%emt 0:00:
01]} 40. Rd2 {[%emt 0:00:01]} Qb1 {[%emt 0:00:03]} 41. Nxf5 {[%emt 0:00:01]}
exf5 {[%emt 0:00:02]} 42. Re6+ {[%emt 0:00:01]} Kg5 {[%emt 0:00:01]} 43. Qg3+ {
[%emt 0:00:02]} Kh5 {[%emt 0:00:02]} 44. Qxg8 {[%emt 0:00:02]} h6 {[%emt 0:00:
07]} 45. Qg6+ {[%emt 0:00:07]} Kh4 {[%emt 0:00:01]} 46. Qxh6# {[%emt 0:00:01]}
1-0

[Event "Benidorm Satellite preliminary"]
[Site "playchess.com #007036"]
[Date "2009.10.24"]
[Round "1"]
[White "Henrik"]
[Black "Borya_ider"]
[Result "0-1"]
[WhiteElo "1804"]
[BlackElo "2707"]
[PlyCount "122"]
[EventDate "2009.10.24"]
[EventType "swiss (blitz)"]

1. e4 {[%emt 0:00:03]} e6 {[%emt 0:00:01]} 2. d4 {[%emt 0:00:07]} d5 {[%emt 0:
00:02]} 3. Nc3 {[%emt 0:00:02]} Bb4 {[%emt 0:00:02]} 4. e5 {[%emt 0:00:01]} Ne7
{[%emt 0:00:02]} 5. a3 {[%emt 0:00:05]} Bxc3+ {[%emt 0:00:01]} 6. bxc3 {[%emt
0:00:01]} c5 {[%emt 0:00:00]} 7. Qg4 {[%emt 0:00:02]} Kf8 {[%emt 0:00:00]} 8.
h4 {[%emt 0:00:12]} Qa5 {[%emt 0:00:10]} 9. Bd2 {[%emt 0:00:04]} Qa4 {[%emt 0:
00:02]} 10. Kd1 {[%emt 0:00:06]} Nbc6 {[%emt 0:00:01]} 11. Nf3 {[%emt 0:00:02]}
h6 {[%emt 0:00:03]} 12. h5 {[%emt 0:00:05]} b6 {[%emt 0:00:03]} 13. Bd3 {[%emt
0:00:08]} Ba6 {[%emt 0:00:02]} 14. Bxa6 {[%emt 0:00:09]} Qxa6 {[%emt 0:00:02]}
15. Rh3 {[%emt 0:00:02]} Qa4 {[%emt 0:00:04]} 16. Nh4 {[%emt 0:00:36]} Nxe5 {
[%emt 0:00:03]} 17. Qf4 {[%emt 0:00:04]} Nd7 {[%emt 0:00:19]} 18. Ng6+ {[%emt
0:00:06]} Nxg6 {[%emt 0:00:02]} 19. hxg6 {[%emt 0:00:00]} Nf6 {[%emt 0:00:03]}
20. gxf7 {[%emt 0:00:04]} Kxf7 {[%emt 0:00:01]} 21. Rf3 {[%emt 0:00:14]} Qd7 {
[%emt 0:00:07]} 22. g4 {[%emt 0:00:11]} cxd4 {[%emt 0:00:04]} 23. Qxd4 {[%emt
0:00:02]} Rac8 {[%emt 0:00:14]} 24. g5 {[%emt 0:00:04]} hxg5 {[%emt 0:00:01]}
25. Bxg5 {[%emt 0:00:01]} Rc4 {[%emt 0:00:22]} 26. Qe5 {[%emt 0:00:38]} Re4 {
[%emt 0:00:04]} 27. Qg3 {[%emt 0:00:03]} Rh1+ {[%emt 0:00:02]} 28. Kd2 {[%emt
0:00:02]} Rxa1 {[%emt 0:00:25]} 29. Bxf6 {[%emt 0:00:32]} gxf6 {[%emt 0:00:02]}
30. Qh2 {[%emt 0:00:01]} Rg4 {[%emt 0:00:06]} 31. Qh5+ {[%emt 0:00:05]} Rg6 {
[%emt 0:00:03]} 32. Rg3 {[%emt 0:00:01]} Ke7 {[%emt 0:00:42] '} 33. Rxg6 {
[%emt 0:00:01]} Qa4 {[%emt 0:00:07]} 34. Rg7+ {[%emt 0:00:05]} Kd6 {[%emt 0:00:
01]} 35. Qh2+ {[%emt 0:00:06]} e5 {[%emt 0:00:01]} 36. Qh6 {[%emt 0:00:01]}
Qf4+ {[%emt 0:00:02]} 37. Qxf4 {[%emt 0:00:01]} exf4 {[%emt 0:00:00]} 38. Rxa7
{[%emt 0:00:01]} Rh1 {[%emt 0:00:05]} 39. Ke2 {[%emt 0:00:01]} Rh3 {[%emt 0:00:
01]} 40. Rb7 {[%emt 0:00:03]} Kc6 {[%emt 0:00:02]} 41. Rf7 {[%emt 0:00:01]}
Rxc3 {[%emt 0:00:01]} 42. Rxf6+ {[%emt 0:00:01]} Kc5 {[%emt 0:00:00]} 43. Rxf4
{[%emt 0:00:00]} Rxc2+ {[%emt 0:00:00]} 44. Kd3 {[%emt 0:00:02]} Ra2 {[%emt 0:
00:01]} 45. Rf8 {[%emt 0:00:04]} Rxa3+ {[%emt 0:00:01] Henrik bietet Remis} 46.
Ke2 {[%emt 0:00:01]} Kc4 {[%emt 0:00:02]} 47. f4 {[%emt 0:00:02]} Ra2+ {[%emt
0:00:01]} 48. Kd1 {[%emt 0:00:04]} d4 {[%emt 0:00:01]} 49. f5 {[%emt 0:00:02]}
Kc3 {[%emt 0:00:01]} 50. f6 {[%emt 0:00:01]} Ra1+ {[%emt 0:00:01]} 51. Ke2 {
[%emt 0:00:02]} d3+ {[%emt 0:00:00]} 52. Ke3 {[%emt 0:00:01]} Re1+ {[%emt 0:00:
01]} 53. Kf2 {[%emt 0:00:03]} Re2+ {[%emt 0:00:01]} 54. Kf3 {[%emt 0:00:02]}
Re6 {[%emt 0:00:03]} 55. Rc8+ {[%emt 0:00:06]} Kd2 {[%emt 0:00:01]} 56. f7 {
[%emt 0:00:02]} Rf6+ {[%emt 0:00:01]} 57. Ke4 {[%emt 0:00:00]} Rxf7 {[%emt 0:
00:00]} 58. Rb8 {[%emt 0:00:02]} Re7+ {[%emt 0:00:07]} 59. Kd4 {[%emt 0:00:04]}
Ke2 {[%emt 0:00:00]} 60. Rxb6 {[%emt 0:00:02]} d2 {[%emt 0:00:01]} 61. Rb2 {
[%emt 0:00:01]} Ke1 {[%emt 0:00:01] Henrik gibt auf  (Lag: Av=0.31s, max=1.2s)}
0-1

[Event "Benidorm Satellite preliminary"]
[Site "playchess.com #007036"]
[Date "2009.10.24"]
[Round "1"]
[White "Chesshero045"]
[Black "Necromant"]
[Result "0-1"]
[WhiteElo "1678"]
[BlackElo "2463"]
[PlyCount "112"]
[EventDate "2009.10.24"]
[EventType "swiss (blitz)"]

1. e4 {[%emt 0:00:02]} c5 {[%emt 0:00:01]} 2. c3 {[%emt 0:00:02]} d5 {[%emt 0:
00:04]} 3. exd5 {[%emt 0:00:01]} Qxd5 {[%emt 0:00:00]} 4. d4 {[%emt 0:00:00]}
Nf6 {[%emt 0:00:08]} 5. Nf3 {[%emt 0:00:01]} Bg4 {[%emt 0:00:06]} 6. Be2 {
[%emt 0:00:02]} e6 {[%emt 0:00:01]} 7. Na3 {[%emt 0:00:15]} Nc6 {[%emt 0:00:04]
} 8. Nc2 {[%emt 0:00:04]} Qd7 {[%emt 0:00:16]} 9. O-O {[%emt 0:00:01]} Be7 {
[%emt 0:00:11]} 10. h3 {[%emt 0:00:01]} Bh5 {[%emt 0:00:14]} 11. Ne5 {[%emt 0:
00:13]} Nxe5 {[%emt 0:00:10]} 12. Bxh5 {[%emt 0:00:21]} Ng6 {[%emt 0:00:09]}
13. dxc5 {[%emt 0:00:18]} Qxd1 {[%emt 0:00:19]} 14. Bxd1 {[%emt 0:00:03]} Bxc5
{[%emt 0:00:09]} 15. Bf3 {[%emt 0:00:02]} Rb8 {[%emt 0:00:04]} 16. Bg5 {[%emt
0:00:14]} h6 {[%emt 0:00:04]} 17. Bxf6 {[%emt 0:00:16]} gxf6 {[%emt 0:00:00]}
18. Rad1 {[%emt 0:00:04]} Ke7 {[%emt 0:00:01]} 19. Rd2 {[%emt 0:00:03]} f5 {
[%emt 0:00:15]} 20. Rfd1 {[%emt 0:00:05]} Ne5 {[%emt 0:00:01]} 21. Be2 {[%emt
0:00:14]} a5 {[%emt 0:00:05]} 22. Kf1 {[%emt 0:00:06]} Rhg8 {[%emt 0:00:10]}
23. Nd4 {[%emt 0:00:35]} Rbd8 {[%emt 0:00:06]} 24. Nf3 {[%emt 0:00:01]} Rxd2 {
[%emt 0:00:06]} 25. Rxd2 {[%emt 0:00:02]} Ng6 {[%emt 0:00:05]} 26. g3 {[%emt 0:
00:11]} h5 {[%emt 0:00:05]} 27. h4 {[%emt 0:00:03]} f4 {[%emt 0:00:01]} 28. Ng5
{[%emt 0:00:10]} fxg3 {[%emt 0:00:02]} 29. fxg3 {[%emt 0:00:02]} Rh8 {[%emt 0:
00:04]} 30. Bc4 {[%emt 0:00:11]} Be3 {[%emt 0:00:02]} 31. Re2 {[%emt 0:00:03]}
Bxg5 {[%emt 0:00:01]} 32. hxg5 {[%emt 0:00:00]} h4 {[%emt 0:00:01]} 33. Kg2 {
[%emt 0:00:12]} hxg3 {[%emt 0:00:03]} 34. Kxg3 {[%emt 0:00:01]} Rh1 {[%emt 0:
00:00]} 35. Kg2 {[%emt 0:00:04]} Rd1 {[%emt 0:00:06]} 36. Rf2 {[%emt 0:00:02]}
Ne5 {[%emt 0:00:05]} 37. Bb3 {[%emt 0:00:01]} Re1 {[%emt 0:00:04]} 38. Rd2 {
[%emt 0:00:03]} Re4 {[%emt 0:00:04]} 39. Rf2 {[%emt 0:00:01]} Rg4+ {[%emt 0:00:
04]} 40. Kf1 {[%emt 0:00:01]} Rxg5 {[%emt 0:00:00]} 41. Re2 {[%emt 0:00:02]}
Rh5 {[%emt 0:00:12] '} 42. Kg2 {[%emt 0:00:02]} Rf5 {[%emt 0:00:04]} 43. Rf2 {
[%emt 0:00:01]} Rxf2+ {[%emt 0:00:03]} 44. Kxf2 {[%emt 0:00:01]} Nd3+ {[%emt 0:
00:09]} 45. Ke3 {[%emt 0:00:00]} Nxb2 {[%emt 0:00:02]} 46. Kd2 {[%emt 0:00:03]}
a4 {[%emt 0:00:02]} 47. Bc2 {[%emt 0:00:07]} Nc4+ {[%emt 0:00:02]} 48. Kd3 {
[%emt 0:00:00]} b5 {[%emt 0:00:03]} 49. Kd4 {[%emt 0:00:00]} Kd6 {[%emt 0:00:
01]} 50. Bd3 {[%emt 0:00:02]} f5 {[%emt 0:00:02]} 51. Bxc4 {[%emt 0:00:01]} e5+
{[%emt 0:00:01]} 52. Kd3 {[%emt 0:00:01]} e4+ {[%emt 0:00:06]} 53. Kd4 {[%emt
0:00:01]} bxc4 {[%emt 0:00:00]} 54. Kxc4 {[%emt 0:00:01]} f4 {[%emt 0:00:02]}
55. Kd4 {[%emt 0:00:01]} f3 {[%emt 0:00:01]} 56. Ke3 {[%emt 0:00:00]} Kc5 {
[%emt 0:00:01] Chesshero045 gibt auf} 0-1

[Event "Benidorm Satellite preliminary"]
[Site "playchess.com #007036"]
[Date "2009.10.24"]
[Round "1"]
[White "Munchie the 5th"]
[Black "Pupu"]
[Result "1/2-1/2"]
[WhiteElo "1530"]
[BlackElo "2101"]
[PlyCount "145"]
[EventDate "2009.10.24"]
[EventType "swiss (blitz)"]

1. d4 {[%emt 0:00:00]} f5 {[%emt 0:00:04]} 2. c4 {[%emt 0:00:01]} Nf6 {[%emt 0:
00:01]} 3. Nc3 {[%emt 0:00:01]} e6 {[%emt 0:00:01]} 4. e4 {[%emt 0:00:03]} Bb4
{[%emt 0:00:00]} 5. exf5 {[%emt 0:00:06]} Bxc3+ {[%emt 0:00:05]} 6. bxc3 {
[%emt 0:00:02]} exf5 {[%emt 0:00:00]} 7. Bd3 {[%emt 0:00:03]} d6 {[%emt 0:00:
02]} 8. Ne2 {[%emt 0:00:02]} O-O {[%emt 0:00:01]} 9. O-O {[%emt 0:00:01]} Ne4 {
[%emt 0:00:04]} 10. Qb3 {[%emt 0:00:06]} Nc6 {[%emt 0:00:05]} 11. Bxe4 {[%emt
0:00:50]} fxe4 {[%emt 0:00:02]} 12. c5+ {[%emt 0:00:01]} Kh8 {[%emt 0:00:07]}
13. cxd6 {[%emt 0:00:01]} cxd6 {[%emt 0:00:03]} 14. Qc2 {[%emt 0:00:04]} d5 {
[%emt 0:00:06]} 15. Ba3 {[%emt 0:00:04]} Rf6 {[%emt 0:00:07]} 16. Ng3 {[%emt 0:
00:12]} Be6 {[%emt 0:00:15]} 17. Qe2 {[%emt 0:00:08]} Qc7 {[%emt 0:00:12]} 18.
Rab1 {[%emt 0:00:06]} Qf7 {[%emt 0:00:13]} 19. Qb2 {[%emt 0:00:07]} Na5 {[%emt
0:00:14]} 20. Qb5 {[%emt 0:00:13]} Nc4 {[%emt 0:00:05]} 21. Bc1 {[%emt 0:00:01]
} b6 {[%emt 0:00:04]} 22. Qb3 {[%emt 0:00:19]} Rf8 {[%emt 0:00:02]} 23. Qc2 {
[%emt 0:00:01]} h6 {[%emt 0:00:09]} 24. Qe2 {[%emt 0:00:14]} Bf5 {[%emt 0:00:
10]} 25. Nh5 {[%emt 0:00:12]} Rg6 {[%emt 0:00:05]} 26. Nf4 {[%emt 0:00:02]} Rg4
{[%emt 0:00:08]} 27. h3 {[%emt 0:00:07]} Rg5 {[%emt 0:00:05]} 28. Rb4 {[%emt 0:
00:19] . Pupu reconnected.} Qd7 {[%emt 0:00:08]} 29. Nxd5 {[%emt 0:00:06]} Bxh3
{[%emt 0:00:08]} 30. Bxg5 {[%emt 0:00:02]} Qxd5 {[%emt 0:00:03]} 31. Rxc4 {
[%emt 0:00:08]} Qxg5 {[%emt 0:00:02]} 32. f4 {[%emt 0:00:05]} Qg6 {[%emt 0:00:
08]} 33. Kh2 {[%emt 0:00:03]} Bf5 {[%emt 0:00:05]} 34. Rc7 {[%emt 0:00:06]} Bg4
{[%emt 0:00:05]} 35. Qe3 {[%emt 0:00:02]} Qh5+ {[%emt 0:00:02]} 36. Kg1 {[%emt
0:00:01]} Bf5 {[%emt 0:00:02]} 37. d5 {[%emt 0:00:04]} Qg4 {[%emt 0:00:02]} 38.
Rd1 {[%emt 0:00:01]} h5 {[%emt 0:00:02]} 39. Rd2 {[%emt 0:00:01]} h4 {[%emt 0:
00:01]} 40. d6 {[%emt 0:00:03]} Rd8 {[%emt 0:00:03]} 41. Kh2 {[%emt 0:00:05]}
Qg6 {[%emt 0:00:02]} 42. Qd4 {[%emt 0:00:01]} Qg3+ {[%emt 0:00:02]} 43. Kg1 {
[%emt 0:00:01]} h3 {[%emt 0:00:02]} 44. Qf2 {[%emt 0:00:01]} h2+ {[%emt 0:00:
08]} 45. Kh1 {[%emt 0:00:01]} Qg6 {[%emt 0:00:02]} 46. Kxh2 {[%emt 0:00:01]}
Rxd6 {[%emt 0:00:01]} 47. Qh4+ {[%emt 0:00:02]} Qh7 {[%emt 0:00:05]} 48. Rc8+ {
[%emt 0:00:01]} Bxc8 {[%emt 0:00:04]} 49. Qxh7+ {[%emt 0:00:00]} Kxh7 {[%emt 0:
00:02]} 50. Rxd6 {[%emt 0:00:00]} Bf5 {[%emt 0:00:06]} 51. Kg1 {[%emt 0:00:03]}
e3 {[%emt 0:00:05]} 52. Kf1 {[%emt 0:00:03]} Bb1 {[%emt 0:00:02]} 53. Ke2 {
[%emt 0:00:01]} Bxa2 {[%emt 0:00:02]} 54. Kxe3 {[%emt 0:00:00]} Bc4 {[%emt 0:
00:02]} 55. Rd4 {[%emt 0:00:01]} b5 {[%emt 0:00:01]} 56. Rd7 {[%emt 0:00:01]}
a5 {[%emt 0:00:02]} 57. g4 {[%emt 0:00:00]} a4 {[%emt 0:00:01]} 58. Ra7 {[%emt
0:00:02]} Kg6 {[%emt 0:00:01]} 59. Ke4 {[%emt 0:00:02]} Be2 {[%emt 0:00:03]}
60. Ra6+ {[%emt 0:00:01]} Kf7 {[%emt 0:00:01]} 61. Rb6 {[%emt 0:00:02]} Bc4 {
[%emt 0:00:03]} 62. g5 {[%emt 0:00:01]} a3 {[%emt 0:00:01]} 63. Ra6 {[%emt 0:
00:01]} a2 {[%emt 0:00:01]} 64. g6+ {[%emt 0:00:00]} Ke7 {[%emt 0:00:01]} 65.
f5 {[%emt 0:00:00]} Bb3 {[%emt 0:00:02]} 66. Ke5 {[%emt 0:00:02]} Bc4 {[%emt 0:
00:03]} 67. Ra7+ {[%emt 0:00:03]} Kf8 {[%emt 0:00:01]} 68. f6 {[%emt 0:00:02]}
gxf6+ {[%emt 0:00:04]} 69. Kxf6 {[%emt 0:00:00]} Ke8 {[%emt 0:00:01]} 70. g7 {
[%emt 0:00:01]} Kd8 {[%emt 0:00:03]} 71. Ra8+ {[%emt 0:00:01]} Kc7 {[%emt 0:00:
01]} 72. Ra6 {[%emt 0:00:03]} Kb7 {[%emt 0:00:01]} 73. Ra3 {[%emt 0:00:02]
Munchie the 5th offers a draw} 1/2-1/2

[Event "Benidorm Satellite preliminary"]
[Site "playchess.com #007036"]
[Date "2009.10.24"]
[Round "1"]
[White "High_me"]
[Black "Racoony"]
[Result "1-0"]
[WhiteElo "2529"]
[BlackElo "1709"]
[PlyCount "193"]
[EventDate "2009.10.24"]
[EventType "swiss (blitz)"]

1. e4 {[%emt 0:00:12]} c6 {[%emt 0:00:02]} 2. d4 {[%emt 0:00:03]} d5 {[%emt 0:
00:01]} 3. Nc3 {[%emt 0:00:01]} dxe4 {[%emt 0:00:01]} 4. Nxe4 {[%emt 0:00:00]}
Bf5 {[%emt 0:00:01]} 5. Ng3 {[%emt 0:00:03]} Bg6 {[%emt 0:00:01]} 6. h4 {[%emt
0:00:01]} h6 {[%emt 0:00:03]} 7. Nf3 {[%emt 0:00:01]} Nd7 {[%emt 0:00:02]} 8.
h5 {[%emt 0:00:01]} Bh7 {[%emt 0:00:02]} 9. Bd3 {[%emt 0:00:00]} Bxd3 {[%emt 0:
00:02]} 10. Qxd3 {[%emt 0:00:00]} e6 {[%emt 0:00:01]} 11. Bf4 {[%emt 0:00:01]}
Ngf6 {[%emt 0:00:05]} 12. O-O-O {[%emt 0:00:02]} Be7 {[%emt 0:00:02]} 13. Ne4 {
[%emt 0:00:01]} Qa5 {[%emt 0:00:03]} 14. Kb1 {[%emt 0:00:07]} O-O {[%emt 0:00:
18]} 15. Bd2 {[%emt 0:00:15]} Qc7 {[%emt 0:00:10]} 16. Nxf6+ {[%emt 0:00:13]}
Nxf6 {[%emt 0:00:03]} 17. Qe2 {[%emt 0:00:00]} c5 {[%emt 0:00:09]} 18. Be3 {
[%emt 0:00:01]} cxd4 {[%emt 0:00:04]} 19. Bxd4 {[%emt 0:00:00]} Rac8 {[%emt 0:
00:17]} 20. c3 {[%emt 0:00:18]} Rfd8 {[%emt 0:00:03]} 21. Ne5 {[%emt 0:00:05]}
Bc5 {[%emt 0:00:26]} 22. Bxc5 {[%emt 0:00:17]} Qxc5 {[%emt 0:00:02]} 23. g4 {
[%emt 0:00:03]} b5 {[%emt 0:00:42]} 24. Rdg1 {[%emt 0:00:45]} b4 {[%emt 0:00:
05]} 25. cxb4 {[%emt 0:00:29]} Qxb4 {[%emt 0:00:08]} 26. Rd1 {[%emt 0:00:08]}
Nd5 {[%emt 0:00:06]} 27. Ka1 {[%emt 0:00:05]} Nf4 {[%emt 0:00:16]} 28. Qf3 {
[%emt 0:00:20]} Rd2 {[%emt 0:00:14]} 29. Rxd2 {[%emt 0:00:11]} Qxd2 {[%emt 0:
00:01]} 30. Rb1 {[%emt 0:00:03]} Rc1 {[%emt 0:00:13]} 31. Qa8+ {[%emt 0:00:01]}
Kh7 {[%emt 0:00:01]} 32. Qe4+ {[%emt 0:00:00]} Kg8 {[%emt 0:00:03]} 33. a3 {
[%emt 0:00:02]} Rxb1+ {[%emt 0:00:11]} 34. Kxb1 {[%emt 0:00:00]} Ne2 {[%emt 0:
00:02]} 35. Qa8+ {[%emt 0:00:06]} Kh7 {[%emt 0:00:02]} 36. Qe4+ {[%emt 0:00:00]
} Kg8 {[%emt 0:00:01]} 37. Qd3 {[%emt 0:00:07]} Qe1+ {[%emt 0:00:02]} 38. Kc2 {
[%emt 0:00:05]} Qxf2 {[%emt 0:00:01]} 39. Qd2 {[%emt 0:00:04]} Qf1 {[%emt 0:00:
04]} 40. Kb3 {[%emt 0:00:01]} Qf2 {[%emt 0:00:03]} 41. Ka2 {[%emt 0:00:02]} Qf1
{[%emt 0:00:03]} 42. Qd8+ {[%emt 0:00:01]} Kh7 {[%emt 0:00:01]} 43. Qd3+ {
[%emt 0:00:00]} Kg8 {[%emt 0:00:01]} 44. Qd8+ {[%emt 0:00:01]} Kh7 {[%emt 0:00:
01]} 45. Nd3 {[%emt 0:00:00]} Qd1 {[%emt 0:00:02]} 46. Qa8 {[%emt 0:00:13] .}
Nc1+ {[%emt 0:00:02]} 47. Nxc1 {[%emt 0:00:01]} Qxc1 {[%emt 0:00:01]} 48. Qe4+
{[%emt 0:00:00]} Kg8 {[%emt 0:00:01]} 49. Qa8+ {[%emt 0:00:01]} Kh7 {[%emt 0:
00:02]} 50. Qxa7 {[%emt 0:00:00]} Qc4+ {[%emt 0:00:02]} 51. Kb1 {[%emt 0:00:00]
} Qd3+ {[%emt 0:00:02]} 52. Kc1 {[%emt 0:00:01]} Qf1+ {[%emt 0:00:03]} 53. Kd2
{[%emt 0:00:00]} Qg2+ {[%emt 0:00:02]} 54. Kc3 {[%emt 0:00:01]} Qf3+ {[%emt 0:
00:01]} 55. Kb4 {[%emt 0:00:01]} Qe4+ {[%emt 0:00:01]} 56. Kb3 {[%emt 0:00:00]}
Qd5+ {[%emt 0:00:02]} 57. Kb4 {[%emt 0:00:01]} Qe4+ {[%emt 0:00:01]} 58. Ka5 {
[%emt 0:00:01]} Qd5+ {[%emt 0:00:01]} 59. Ka6 {[%emt 0:00:01]} Qc4+ {[%emt 0:
00:02]} 60. Kb7 {[%emt 0:00:00]} Qd5+ {[%emt 0:00:01]} 61. Kc8 {[%emt 0:00:02]}
Qc6+ {[%emt 0:00:02]} 62. Qc7 {[%emt 0:00:01]} Qa8+ {[%emt 0:00:02]} 63. Kd7 {
[%emt 0:00:01]} Qd5+ {[%emt 0:00:02]} 64. Ke7 {[%emt 0:00:01]} Qf3 {[%emt 0:00:
07]} 65. Qc2+ {[%emt 0:00:04]} Kg8 {[%emt 0:00:03]} 66. Qc8+ {[%emt 0:00:06]}
Kh7 {[%emt 0:00:01]} 67. a4 {[%emt 0:00:00]} Qxg4 {[%emt 0:00:05]} 68. Qc2+ {
[%emt 0:00:04]} f5 {[%emt 0:00:03]} 69. a5 {[%emt 0:00:09]} Qb4+ {[%emt 0:00:
02]} 70. Kf7 {[%emt 0:00:01]} Qb7+ {[%emt 0:00:05]} 71. Kxe6 {[%emt 0:00:01]}
Qa6+ {[%emt 0:00:04]} 72. Kxf5 {[%emt 0:00:01]} Qxa5+ {[%emt 0:00:01]} 73. Ke6+
{[%emt 0:00:01]} Kg8 {[%emt 0:00:01]} 74. Qc8+ {[%emt 0:00:01]} Kh7 {[%emt 0:
00:01]} 75. Qc2+ {[%emt 0:00:01]} Kg8 {[%emt 0:00:01]} 76. Qe2 {[%emt 0:00:07]}
Qb6+ {[%emt 0:00:02]} 77. Kd5 {[%emt 0:00:01]} Qa5+ {[%emt 0:00:01]} 78. Kd4 {
[%emt 0:00:01]} Qb4+ {[%emt 0:00:02]} 79. Kd3 {[%emt 0:00:01]} Qb5+ {[%emt 0:
00:02]} 80. Ke3 {[%emt 0:00:00]} Qb3+ {[%emt 0:00:02]} 81. Kf2 {[%emt 0:00:01]}
Qb6+ {[%emt 0:00:02]} 82. Ke1 {[%emt 0:00:01]} Qb4+ {[%emt 0:00:01]} 83. Kd1 {
[%emt 0:00:01]} Qb3+ {[%emt 0:00:01]} 84. Kc1 {[%emt 0:00:00]} Qb4 {[%emt 0:00:
04]} 85. Qe8+ {[%emt 0:00:04]} Kh7 {[%emt 0:00:02]} 86. Qg6+ {[%emt 0:00:00]
Racoony bietet Remis} Kg8 {[%emt 0:00:02]} 87. Qe6+ {[%emt 0:00:05]} Kh7 {
[%emt 0:00:02]} 88. Kb1 {[%emt 0:00:02]} Kh8 {[%emt 0:00:04]} 89. b3 {[%emt 0:
00:02]} Qd2 {[%emt 0:00:03]} 90. Qc8+ {[%emt 0:00:03]} Kh7 {[%emt 0:00:01]} 91.
Qc2+ {[%emt 0:00:02]} Qxc2+ {[%emt 0:00:03]} 92. Kxc2 {[%emt 0:00:00]} g5 {
[%emt 0:00:01]} 93. b4 {[%emt 0:00:04]} Kg7 {[%emt 0:00:01]} 94. b5 {[%emt 0:
00:01]} Kf7 {[%emt 0:00:01]} 95. b6 {[%emt 0:00:01]} Ke7 {[%emt 0:00:01]} 96.
b7 {[%emt 0:00:00]} Kd7 {[%emt 0:00:01]} 97. b8=Q {[%emt 0:00:00] Racoony gibt
auf} 1-0

[Event "Benidorm Satellite preliminary"]
[Site "playchess.com #007036"]
[Date "2009.10.24"]
[Round "2"]
[White "ACDC"]
[Black "Hatimati"]
[Result "0-1"]
[WhiteElo "1907"]
[BlackElo "2474"]
[PlyCount "24"]
[EventDate "2009.10.24"]
[EventType "swiss (blitz)"]

1. d4 {[%emt 0:00:06]} Nf6 {[%emt 0:00:02]} 2. c4 {[%emt 0:00:01]} a6 {[%emt 0:
00:01]} 3. Nc3 {[%emt 0:00:01]} c5 {[%emt 0:00:03]} 4. d5 {[%emt 0:00:01]} b5 {
[%emt 0:00:01]} 5. cxb5 {[%emt 0:00:01]} axb5 {[%emt 0:00:00]} 6. g3 {[%emt 0:
00:15]} b4 {[%emt 0:00:02]} 7. Nb1 {[%emt 0:00:01]} g6 {[%emt 0:00:03]} 8. Bg2
{[%emt 0:00:01]} d6 {[%emt 0:00:01]} 9. Bg5 {[%emt 0:00:04]} Bg7 {[%emt 0:00:
01]} 10. Nf3 {[%emt 0:00:02]} Ne4 {[%emt 0:00:02]} 11. Be3 {[%emt 0:00:03]}
Bxb2 {[%emt 0:00:03]} 12. Nbd2 {[%emt 0:00:01]} Nc3 {[%emt 0:00:06] ACDC gibt
auf} 0-1

[Event "Benidorm Satellite preliminary"]
[Site "playchess.com #007036"]
[Date "2009.10.24"]
[Round "2"]
[White "RKO DRM"]
[Black "Priscila"]
[Result "1-0"]
[WhiteElo "1643"]
[BlackElo "1841"]
[PlyCount "37"]
[EventDate "2009.10.24"]
[EventType "swiss (blitz)"]

1. d4 {[%emt 0:00:06]} d5 {[%emt 0:00:01]} 2. c4 {[%emt 0:00:03]} c6 {[%emt 0:
00:00]} 3. e3 {[%emt 0:00:02]} Nf6 {[%emt 0:00:00]} 4. Nc3 {[%emt 0:00:06]} Bg4
{[%emt 0:00:01]} 5. Be2 {[%emt 0:00:11]} Bxe2 {[%emt 0:00:01]} 6. Qxe2 {[%emt
0:00:01]} e6 {[%emt 0:00:00]} 7. Nf3 {[%emt 0:00:01]} Bd6 {[%emt 0:00:01]} 8.
O-O {[%emt 0:00:01]} Nbd7 {[%emt 0:00:00]} 9. c5 {[%emt 0:00:01]} Bc7 {[%emt 0:
00:01]} 10. a3 {[%emt 0:00:03]} Qe7 {[%emt 0:00:00]} 11. b4 {[%emt 0:00:01]} e5
{[%emt 0:00:01]} 12. Bb2 {[%emt 0:00:07]} O-O {[%emt 0:00:03]} 13. Nd2 {[%emt
0:00:04]} Rae8 {[%emt 0:00:05]} 14. Rfe1 {[%emt 0:00:09]} h5 {[%emt 0:00:05]}
15. f3 {[%emt 0:00:06]} e4 {[%emt 0:00:03]} 16. fxe4 {[%emt 0:00:10]} Nxe4 {
[%emt 0:00:02]} 17. Ndxe4 {[%emt 0:00:03]} Qxe4 {[%emt 0:00:00]} 18. Nxe4 {
[%emt 0:00:01]} dxe4 {[%emt 0:00:01]} 19. Rac1 {[%emt 0:00:09] Priscila rinde}
1-0

[Event "Benidorm Satellite preliminary"]
[Site "playchess.com #007036"]
[Date "2009.10.24"]
[Round "2"]
[White "Roi folichon"]
[Black "MichelS"]
[Result "0-1"]
[WhiteElo "1607"]
[BlackElo "1812"]
[PlyCount "20"]
[EventDate "2009.10.24"]
[EventType "swiss (blitz)"]

1. e4 {[%emt 0:00:01]} e5 {[%emt 0:00:02]} 2. Nc3 {[%emt 0:00:05]} Nf6 {[%emt
0:00:03]} 3. Nf3 {[%emt 0:00:01]} Nc6 {[%emt 0:00:02]} 4. d4 {[%emt 0:00:02]}
exd4 {[%emt 0:00:02]} 5. Nxd4 {[%emt 0:00:01]} Bb4 {[%emt 0:00:01]} 6. Nxc6 {
[%emt 0:00:01]} bxc6 {[%emt 0:00:01]} 7. f3 {[%emt 0:00:04]} d5 {[%emt 0:00:02]
} 8. e5 {[%emt 0:00:05]} Ne4 {[%emt 0:00:33]} 9. fxe4 {[%emt 0:00:20]} Qh4+ {
[%emt 0:00:02]} 10. Ke2 {[%emt 0:00:09]} Bg4+ {[%emt 0:00:02] Roi folichon
abandonne} 0-1